Countries Bordering Only One Other Country - Statistics

General Stats
  • This quiz has been taken 36 times
  • The average score is 27 of 30
Answer Stats
Hint Country with one border % Correct
Africa Lesotho
100%
Europe Portugal
100%
Asia South Korea
100%
Europe Vatican City
100%
Asia East Timor
97%
Europe San Marino
97%
Italy
94%
Italy
94%
Europe Monaco
94%
North Korea
94%
Spain
94%
South Africa
91%
Asia Brunei
89%
North America Dominican Republic
89%
Dominican Republic
89%
Indonesia
89%
Indonesia
89%
Europe Ireland
89%
Ireland
89%
Malaysia
89%
Asia Papua New Guinea
89%
Europe United Kingdom
89%
United Kingdom
89%
France
86%
Asia Qatar
86%
Africa The Gambia
86%
North America Haiti
83%
Haiti
83%
Saudi Arabia
80%
Senegal
80%
No matching quizzes found
Score Distribution
Percent of People with Each Score
Percentile by Number Answered
Your Score History
You have not taken this quiz